000
00312nam a22001337a 4500
020
_a
9788122422719
020
_a
8122422713
082
_a
530
_b
SRI/EN
100
_a
Srinivasan, M.R
245
_a
Engineering physics
260
_a
New Delhi
_b
New Age International (P) Ltd.
_c
2008
300
_a
488p
942
_c
BK
999
_c
14041
_d
14041